| 000 | 00940nam a22002657i 4500 | ||
|---|---|---|---|
| 003 | DO-SdBNP | ||
| 005 | 20240607155351.0 | ||
| 006 | a||||gr|||| 00| 0 | ||
| 007 | ta | ||
| 008 | 240607e1987 |||ac||| |||| 00| 0 spa d | ||
| 040 |
_aDO-SdBNP _bspa _cBNPHU _erda |
||
| 082 | 4 |
_222 _bH565u |
|
| 100 | 1 |
_aHerrera, Ricardo H _921188 _eautor |
|
| 245 | 1 | 0 |
_aUnidos a Jesús / _bRicardo Herrera |
| 264 |
_aSanto Domingo : _bVida, _c1987 |
||
| 300 |
_a64 páginas : _bilustraciones, retratos ; _c21 cm. |
||
| 336 |
_2rdacontent _atexto _btxt |
||
| 337 |
_2rdamedia _asin mediación _bn |
||
| 338 |
_2rdacarrier _avolumen _bnc |
||
| 490 | _aVida | ||
| 505 |
_aOración al Ángel de la Guarda. _tLos Sacramentos.-- Los mandmientos de la Ley de Dios.-- Los mandamientos de la iglesia.-- Los mandamientos de Jesús.-- La Bienaventuranza. |
||
| 590 | _aInventariado 2024 / MF | ||
| 650 | 4 |
_aEducación religiosa _xLibros texto _976956 |
|
| 942 |
_2ddc _cLBS1 |
||
| 999 |
_c56788 _d56788 |
||